La hermenéutica /

Estudio sobre la evolución histórica de la hermenéutica, término que en la filosofía griega nombraba el arte o la técnica de la interpretación y que en el pensamiento moderno abarca varios tipos de teoría general de la interpretación. El turinés Maurizio Ferraris, autor de la obra, analiza los probl...

Fuld beskrivelse

Guardado en:
Bibliografiske detaljer
Hovedforfatter: Ferraris, Maurizio (autor)
Format: Bog
Sprog:spansk
Udgivet: México : Taurus, 2000, c1999
Fag:
Tags: Tilføj Tag
Ingen Tags, Vær først til at tagge denne postø!

MARC

LEADER 00000nam^a2200000^a^4500
001 000594945
005 20250521000000.0
009 20260526153710.247
020 |a 968-19-0701-9 
037 |a Acervo ITESO - Biblioteca 
041 |a ESP 
082 |a 121. 68  |b FER 
100 |a Ferraris, Maurizio  |e (autor) 
240 1 4 |a [La hermenéutica, de Maurizio Ferraris] 
245 1 3 |a La hermenéutica /  |c M. Ferraris ; tr. por José Luis Bernal. 
264 4 |a México :  |b Taurus,  |c 2000, c1999 
300 |a 179 p. 
336 |a texto  |b txt  |2 rdacontenido 
337 |a sin mediación  |b n  |2 rdamedio 
338 |a volumen  |b nc  |2 rdasoporte 
500 |a Traducción de: L'ermeneutica 
520 |a Estudio sobre la evolución histórica de la hermenéutica, término que en la filosofía griega nombraba el arte o la técnica de la interpretación y que en el pensamiento moderno abarca varios tipos de teoría general de la interpretación. El turinés Maurizio Ferraris, autor de la obra, analiza los problemas teóricos que ha abordado la hermenéutica, según las corrientes filosóficas del momento, y establece un vínculo estrecho de las formas de este proceso de interpretación con la visión del mundo que los humanos han construido en cada período histórico. 
649 |a XX 
650 |a Hermenéutica -  |x Tema Principal 
650 |a Hermenéutica -  |x Historia 
650 |a Filosofía -  |x Historia y Crítica 
910 |a Fondo Castillo-Martínez 
920 |a Impresos - Libros 
930 |a Fondos Especiales 
905 |a 127 
901 |a 595431-10  |b IT2  |c ESP  |i D126415  |u 20250521 
902 |a https://opac.biblio.iteso.mx/vufind/Record/000594945